000 00296pam a2200133 a 4500
020 _c
041 _aeng
082 _a591
_bPIN
100 _aPincher.C.
245 _aThe Breeding Of Forms Animal
_hTextual Documents
260 _aNew York
_bPenguin Books Ltd
300 _a149p.
930 _a15322
999 _c92222
_d92222